Três histórias do povo das terras do brasil (Record no. 71312)

MARC details
000 -LÍDER
campo de controle de tamanho fixo 00426 a2200169 4500
001 - NÚMERO DE CONTROLE
campo de controle 71312
020 ## - ISBN - INTERNATIONAL STANDARD BOOK NUMBER
ISBN - International Standard Book Number 8532243258
040 ## - FONTE DA CATALOGAÇÃO
Instituição que transcreveu o registro Anchieta - Colégio São Paulo
100 ## - ENTRADA PRINCIPAL--NOME PESSOAL
Nome pessoal Asturiano, Poliana
240 10 - TÍTULO UNIFORME
Título uniforme Três histórias do povo das terras do brasil
Idioma da obra por
245 10 - TÍTULO
Título Três histórias do povo das terras do brasil
300 ## - DESCRIÇÃO FÍSICA
Extensão 48
362 0# - DATAS DE PUBLICAÇÃO E/OU DESIGNAÇÃO SEQUENCIAL
Datas de publicação e/ou designação sequencial 1999
440 #1 - DECLARAÇÃO DE SÉRIE/ENTRADA ADICIONADA--TÍTULO
Título FTD
650 #4 - ASSUNTO--TERMO TÓPICO
Cabeçalho tópico ou nome geográfico Literatura infantil
942 ## - ELEMENTOS DE ENTRADA ADICIONADOS (KOHA)
Tipo de material Koha Livros
Holdings
Situação do descarte Situação das perdas Situação física Não pode ser emprestado Biblioteca de origem Biblioteca atual Data de aquisição Total de empréstimos Número de chamada completo Código de barras Data de último acesso Data do preço efetivo Tipo de material Koha
        Colégio São Paulo Colégio São Paulo 22/11/2023   LI 028.5 A859t 362/CSP 22/11/2023 22/11/2023 Livros